Las posadas / (Record no. 17639)

MARC details
000 -LEADER
fixed length control field 00616nam a22002177a 4500
001 - CONTROL NUMBER
control field sjds170087
003 - CONTROL NUMBER IDENTIFIER
control field sjds
005 - DATE AND TIME OF LATEST TRANSACTION
control field 20170615173035.0
008 - FIXED-LENGTH DATA ELEMENTS--GENERAL INFORMATION
fixed length control field 170615b ilu||||| |||| 00| 0 spa d
020 ## - INTERNATIONAL STANDARD BOOK NUMBER
International Standard Book Number 9781588108333 (pbk.)
040 ## - CATALOGING SOURCE
Transcribing agency sjds
041 ## - LANGUAGE CODE
Language code of text/sound track or separate title spa
082 ## - DEWEY DECIMAL CLASSIFICATION NUMBER
Classification number 394.266
100 ## - MAIN ENTRY--PERSONAL NAME
Personal name Gillis, Jennifer Blizen
245 #4 - TITLE STATEMENT
Title Las posadas /
Statement of responsibility, etc. Jennifer Blizin Gillis ; traducción de Beatriz Puello.
246 ## - VARYING FORM OF TITLE
Title proper/short title Las posadas
260 ## - PUBLICATION, DISTRIBUTION, ETC. (IMPRINT)
Place of publication, distribution, etc. Chicago, Illinois :
Name of publisher, distributor, etc. Heinemann Library,
Date of publication, distribution, etc. [2002]
300 ## - PHYSICAL DESCRIPTION
Extent 24 pages :
Other physical details color illustrations ;
Dimensions 23 cm.
700 ## - ADDED ENTRY--PERSONAL NAME
Personal name Puello, Beatriz
942 ## - ADDED ENTRY ELEMENTS (KOHA)
Koha item type Libro/Book
Source of classification or shelving scheme Dewey Decimal Classification
Holdings
Withdrawn status Lost status Damaged status Not for loan Home library Current library Date acquired Inventory number Total Checkouts Full call number Barcode Date last seen Price effective from Koha item type
        Zaragoza -- Satellite Zaragoza -- Satellite 15/06/2017 Inventory date: 7/7/25   394.266 35501538 15/06/2017 15/06/2017 Libro/Book

Powered by Koha